Praktické úlohy : výsledky žáků 8. ročníku : třetí mezinárodní výzkum matematického a přírodovědného vzdělávání /

Main Author: Palečková, Jana
Other Authors: Tomášek, Vladislav, 1957-, Straková, Jana, 1967-
Language: Czech
Published: Praha : Ústav pro informace ve vzdělávání, 1998
Physical Description: 78 s. : il. ; 29 cm
Book
Saved in:
LEADER 01181nam a2200253 a 4500
001 000342891
003 CZ BrMZK
005 20041019130742.0
008 980107s1998 xr f cze d
020 |a 80-211-0287-X 
040 |a BOA001  |b cze 
080 |a 372.85:37.001.5  |2 MRF 
080 |a 37.001.5:372.85  |2 MRF 
100 1 |a Palečková, Jana  |7 jx20031204006  |4 com 
245 1 0 |a Praktické úlohy :  |b výsledky žáků 8. ročníku : třetí mezinárodní výzkum matematického a přírodovědného vzdělávání /  |c Jana Palečková, Jana Straková, Vladislav Tomášek. 
260 |a Praha :  |b Ústav pro informace ve vzdělávání,  |c 1998 
300 |a 78 s. :  |b il. ;  |c 29 cm 
653 0 |a matematické vzdělávání  |a matematika  |a pedagogické výzkumy  |a přírodovědné předměty  |a základní školy 
700 1 |a Tomášek, Vladislav,  |d 1957-  |7 mzk2006337025  |4 com 
700 1 |a Straková, Jana,  |d 1967-  |7 jx20050802059  |4 com 
910 |a BOA001  |b PK-N-0034.026 
964 |a Vzdělávání matematicko-přírodovědné  |x školy základní  |x výzkumy  |x výsledky 
990 |a BK 
996 7 |b 3119013552  |c PK-N-0034.026  |l MZK  |r Sklad / do 1 hodiny  |n 5  |p p.v.  |w 000342891  |u 000010  |a 1  |e BOA001  |j MZK50  |s A